Küresel ekonomik kriz ve Türkiye (Record no. 2237)

MARC details
000 -BAŞLIK
Sabit Uzunlukta Kontrol Alanı 01068na a2200265 4500
001 - KONTROL NUMARASI
Denetim Alanı 20481
003 - KONTROL NUMARASI IDENTIFIER
Denetim Alanı MIRAKIL
005 - SON İŞLEM TARİHİ VE ZAMANI
Denetim Alanı 20181213154850.0
008 - SABİT-BOY VERİ ELEMANLARI - GENEL BİLGİLER
Sabit Uzunlukta Kontrol Alanı 170120b tu 000 0
020 ## - ULUSLARARASI STANDART KİTAP NUMARASI
Uluslararası Standart Kitap Numarası 9789756319024
040 ## - KATALOGLAMA KAYNAK
Orijinal Kataloglama Ajansı Milas
Kataloglama Dili tur
Metne Dönüştürmek Ajansı TR-AnCHP
041 ## - DİL KODU
Metin / Ses Parça Veya Ayrı Başlığın Dil Kodu tur
082 ## - DEWEY ONLU SINIFLANDIRMA NUMARASI
Sınıflandırma Numarası 330.9
Ürün Numarası H51k 2009
090 ## - SINIFLAMA NUMARASI
Sınıflama Numarası 330.9 H51k 2009
100 ## - ANA GİRİŞ - KİŞİSEL İSİM
Kişisel Ad Hiç, Mükerrem
245 ## - BAŞLIK TABLOSU
Başlık Küresel ekonomik kriz ve Türkiye
Başlığın Kalan Küresel finansal kriz, küresel resesyon, ileriki yıllarda muhtemel gelişmeler ve krizin Türkiye ekonomisine etkileri
246 ## - UNVAN FORM VARYING
Başlık Doğru / Kısa Başlığı Küresel finansal kriz, küresel resesyon, ileriki yıllarda muhtemel gelişmeler ve krizin Türkiye ekonomisine etkileri
260 ## - YAYIN, DAĞITIM, VB
Yayın, Dağıtım, Vb Yeri İstanbul
Yayıncı, Dağıtıcı, Vs Adı Beykent üniversitesi yayınevi
Yayın, Dağıtım, Vb Tarihi 2009
Üretici Firma Mega Basım
300 ## - FİZİKSEL TANIM
Kapsam 85 s.
Boyutlar 23 sm.
490 ## - SERİSİ TABLOSU
Seri Beyanı Beykent Üniversitesi yayınları
Hacim / Ardışık Tanımı 62
504 ## - KAYNAKÇA VB NOT
Kaynakça Vb Notu Kaynakça var.
650 ## - KONU KATMA GİRİŞ - TOPİKAL DÖNEM
Topikal Süreli Veya Coğrafi Ad Giriş Elemanı Ekonomik kriz
Coğrafi Alt Bölümü Türkiye
740 ## - KATMA GİRİŞ - KONTROLSUZ İLGİLİ / ANALİTİK BAŞLIK
Kontrol Edilmeyen / İlgili Analitik Başlıktaki Küresel finansal kriz, küresel resesyon, ileriki yıllarda muhtemel gelişmeler ve krizin Türkiye ekonomisine etkileri
942 ## - EKLENDİ GİRİŞ ELEMANLARI (KOHA)
Sınıflandırma Veya Raf Düzeni Kaynak Dewey Decimal Classification
Koha Öğesi Türü Books
999 ## - SİSTEM KONTROL NUMARALARI (KOHA)
Koha Biblionumber 2237
Koha Biblioitemnumber 2237
Holdings
Kalıcı Konum Mevcut Konum Edinme Tarihi Edinim Kaynak Toplam Check-Out'Lar Tam Çağrı Numarası Barkod Tarih Son Görülme İtibaren Geçerli Fiyatlar Koha Öğesi Türü
CHP Kütüphanesi CHP Kütüphanesi 01/20/2017 Bağış   330.9 H51k 2009 012048 01/20/2017 01/20/2017 Books